| Tag |
First Indicator |
Second Indicator |
Subfields |
| LEADER |
00000cam a2200000 4500 |
| 001 |
in00001580098 |
| 005 |
20220103182619.0 |
| 006 |
m u |
| 007 |
cr cn||||||||| |
| 008 |
001008s1993 maua sb 001 0 eng |
| 010 |
|
|
|z 93077076
|
| 020 |
|
|
|a 0585133972 (electronic bk.) :
|c $47.50
|
| 020 |
|
|
|z 0262082241
|
| 035 |
|
|
|a 11358
|b (N$T)
|
| 035 |
|
|
|a nL11358
|
| 040 |
|
|
|a N$T
|c N$T
|d UtOrBLW
|
| 050 |
1 |
0 |
|a HA30.3
|b .H37 1993eb
|
| 082 |
0 |
4 |
|a 519.5/5
|2 20
|
| 100 |
1 |
|
|a Harvey, A. C.
|q (Andrew C.)
|0 http://id.loc.gov/authorities/names/n81064640
|
| 245 |
1 |
0 |
|a Time series models /
|c Andrew C. Harvey.
|
| 250 |
|
|
|a 2nd ed.
|
| 264 |
|
1 |
|a Cambridge, Mass. :
|b MIT Press,
|c 1993.
|
| 300 |
|
|
|a xviii, 308 pages :
|b illustrations ;
|c 24 cm.
|
| 336 |
|
|
|a text
|b txt
|2 rdacontent
|
| 337 |
|
|
|a computer
|b c
|2 rdamedia
|
| 338 |
|
|
|a online resource
|b cr
|2 rdacarrier
|
| 504 |
|
|
|a Includes bibliographical references (pages 295-302) and index.
|
| 533 |
|
|
|a Electronic reproduction.
|b Boulder, Colo. :
|c NetLibrary,
|d 2000.
|n Available via World Wide Web.
|n Access may be limited to NetLibrary affiliated libraries.
|
| 500 |
|
|
|a Electronic resource.
|
| 650 |
|
0 |
|a Time-series analysis
|x Mathematical models.
|0 http://id.loc.gov/authorities/subjects/sh2010116558
|
| 655 |
|
0 |
|a Electronic books.
|
| 710 |
2 |
|
|a NetLibrary, Inc.
|0 http://id.loc.gov/authorities/names/no99080690
|
| 776 |
0 |
|
|c Original
|w (DLC) 93077076
|
| 856 |
4 |
1 |
|u https://proxy.library.tamu.edu/login?url=http://www.netLibrary.com/urlapi.asp?action=summary&v=1&bookid=11358
|z Connect to the full text of this electronic book
|t 0
|
| 999 |
|
|
|a MARS
|
| 999 |
f |
f |
|s 5187c2f8-1fa5-3cf2-9055-515af78cba3a
|i f24de8e0-c156-3086-a33c-e0f36e588c13
|t 0
|
| 952 |
f |
f |
|a Texas A&M University
|b College Station
|c Electronic Resources
|d Available Online
|t 0
|e HA30.3 .H37 1993eb
|h Library of Congress classification
|
| 998 |
f |
f |
|a HA30.3 .H37 1993eb
|t 0
|l Available Online
|